Visualizzazione normale
Vista MARC
- Della Rosa L., Frau E., Perotto N., Triani P
di Personal Name
Records bibliografici associati: 1
001 - CONTROL NUMBER
- control field: 61641
003 - CONTROL NUMBER IDENTIFIER
- control field:
005 - DATE AND TIME OF LATEST TRANSACTION
- control field: 20250221115339.0
008 - FIXED-LENGTH DATA ELEMENTS
- fixed length control field: 250221|| aca||aabn | a|a d
040 ## - CATALOGING SOURCE
- Original cataloging agency:
- Transcribing agency:
100 ## - HEADING--PERSONAL NAME
- Personal name: Della Rosa L., Frau E., Perotto N., Triani P
670 ## - SOURCE DATA FOUND
- Source citation: Work cat.: ()207951: Bastianoni Paola 61640, La quotidiana relazione con bambini in difficoltà., 2009